| 000 | 00587nam a22001817a 4500 | ||
|---|---|---|---|
| 003 | CEME | ||
| 005 | 20210628202850.0 | ||
| 008 | 210203b xxu||||| |||| 00| 0 eng d | ||
| 020 | _a0-8031-0405-7 | ||
| 040 | _c. | ||
| 082 | _a628.4456 HAZ | ||
| 100 |
_aJackson, Larry P Rohlik, A.R Conway, R.A _962032 |
||
| 245 | _aHazardous and industrial waste management and testing, third symposium | ||
| 260 |
_aUSA _bASTM _c1984 |
||
| 300 | _a415P | ||
| 650 |
_aHAZARDOUS WASTES- CONGRESSES, FACTORY AND TRADE WASTE CONGRESSES, HAZARDOUS WASTES- TESTING CONGRESSES _962033 |
||
| 942 |
_cBK _2ddc |
||
| 999 |
_c571273 _d571273 |
||